Dynamique des populations

Saved in:
Bibliographic Details
Main Author: Dajoz, Roger (Author)
Format: Book
Language:French
Published: París Masson 1974
Series:Collection d'Ecologie
Subjects:
Tags: Add Tag
No Tags, Be the first to tag this record!

MARC

LEADER 00000nam a2200000 a 4500
001 UCV3868
003 CL-VaPUC
008 881215e19740000FR |||||||||||||||||fre|d
082 0 4 |a 304.6  |b DAJ  |2 21 
100 0 |a Dajoz, Roger  |e author  |9 298275 
245 1 0 |a Dynamique des populations 
300 |a 301 p 
942 |c BK 
945 |d 19881215 00:00:00 
260 |a París  |b Masson  |c 1974 
650 0 |a Demografía   |9 260008 
650 7 |a DINAMICA DE POBLACION  |2 CL-VaPUC  |9 260009 
583 |a last modification  |c 19881215 00:00:00  |k Rodrigo Vera 
490 0 |a Collection d'Ecologie 
999 |c 210984  |d 210982